000 03565nam a2200505 a 4500
001 00007906
003 2013 06 18. 2018 03 07
005 20260319063908.0
008 161003s1992 ag ||||| |||| 00| 0 spa d
020 _a9502513487
024 _aIIGG
040 _aIIGG
_cIIGG
_dAR-MoUNM
082 0 _220
_a001.42
_bPOLIT 769
245 0 3 _aLa política de investigación científica y tecnológica argentina :
_bhistoria y perspectivas /
_cdirección, Enrique Oteiza.
260 _aBuenos Aires :
_bCentro Editor de América Latina,
_c1992.
300 _a413 p. :
_btablas ; gráf. ;
_c21 cm.
490 0 _a(Sociedad y cultura. Bibliotecas universitarias)
500 _aLa presente edición se publica con el auspicio del International Development Research Centre (IDRC - CIID).
505 0 _tIntroducción /
_rEnrique Oteiza.
_gp. 11-83.
505 0 _tPrimera parte. La conformación del complejo científico y tecnológico
_tI. Antecedentes de la conformación del Complejo Científico y Tecnológico, 1850-1958 /
_rJorge Myers.
_gp. 87-114.
505 0 _tII.El complejo científico y tecnológico argentino en la segunda mitad del siglo XX: la transferencia de modelos institucionales /
_rEnrique Oteiza.
_gp. 115-125.
505 0 _tSegunda parte. La institucionalización del Complejo Científico y Tecnológico
_tIII. Principales instituciones especializadas en investigación y extensión /
_rJuan Valeiras.
_gp. 129-167.
505 0 _tIV. Instituciones de promoción y gobierno de las actividades de investigación /
_rMaría Calderari ; Mónica Casalet ; Eduardo Fernández ; Enrique Oteiza.
_gp. 168-193.
505 0 _tTercera parte. Política y gestión en el complejo científico y tecnológico
_tV. Asignación de recursos públicos en el complejo científico y tecnológico. Análisis del presupuesto nacional /
_rDaniel Azpiazu.
_gp. 197-212.
505 0 _tVI. Indicadores económicos de las actividades científico-tecnológicas: comparación internacional /
_rCristina Bramuglia.
_gp. 213-234.
505 0 _tVII. Recursos humanos de investigación en el complejo científico y tecnológico: evolución del empleo y políticas de recursos humanos del Conicet /
_rMónica Casalet.
_gp. 235-258.
505 0 _tVIII. La evolución salarial de las grandes instituciones del complejo científico y tecnológico /
_rCristina Bramuglia.
_gp. 259-285.
505 0 _tIX. Recursos humanos en ciencia y tecnología. Formación de investigadores /
_rDominique Babini ; Mónica Casalet ; Enrique Oteiza.
_gp. 286-316.
505 0 _tX. Análisis de los programas nacionales de investigación de la Secretaría de Ciencia y Técnica /
_rGerardo R. Gargiulo ; Sara Melul.
_gp. 317-338.
505 0 _tXI. Las ciencias sociales en la Argentina: diagnóstico y perspectivas /
_r Hebe M. C. Vessuri.
_gp. 339-363.
505 0 _tXII. Telecomunicaciones /
_rLuis Di Benedetto ; Alejandra Herrera.
_gp. 364-382.
505 0 _tXIII. Actividades provinciales en ciencia y tecnología /
_rRoberto A. Harán.
_gp. 383-397.
505 0 _tXIV. Aspectos estratégicos de gestión /
_rEduardo A. Fernández. ; Irene Muñóz.
_gp. 398-413.
505 _a
650 7 _2unescot
_aINVESTIGACION
_91115
650 7 _aMETODOLOGIA
_2unescot
_91135
650 7 _aPROGRAMA DE INVESTIGACION
_2unescot
_91608
650 7 _aPROYECTO DE INVESTIGACION
_2unescot
_91297
650 7 _aHISTORIA
_2unescot
_9478
650 7 _aTECNOLOGIA
_2unescot
_9536
650 7 _2mpirdes
_aCIENCIA
_9160
651 7 _2unescot
_aARGENTINA
_92590
700 1 _aOteiza, Enrique.
_96483
_edir.
942 _cLIBRO
999 _c18183
_d18184